| 000 | 00434pab a2200145 454500 | ||
|---|---|---|---|
| 008 | 180718b2000 xxu||||| |||| 00| 0 eng d | ||
| 100 | _aGrubbs, Joseph W. | ||
| 245 | _aCan agencies work together?: collaboration in public and nonprofit organizations (a review article) | ||
| 260 | _c2000 | ||
| 300 | _ap.275-80 | ||
| 362 | _aMay-Jun | ||
| 650 | _aNonprofit organizations | ||
| 773 | _aPublic Administration Review | ||
| 909 | _a45221 | ||
| 999 |
_c45221 _d45221 |
||